| 000 | 00613nam a2200181 i 4500 | ||
|---|---|---|---|
| 001 | 74543 | ||
| 003 | ES-MaACL | ||
| 005 | 20250930063100.0 | ||
| 007 | t| | ||
| 008 | 040920s1910 sp ||||1| spa d | ||
| 100 | 1 |
_aLinares, Antonio G. de, _d1875-1945 _972331 |
|
| 245 | 1 | 0 |
_aAlma remota _b: drama sinfónico en dos actos / _cAntonio G. de Linares ; [Poemas sinfónicos de Jesús Aroca]. |
| 260 |
_aMadrid : _b[s.n.], _c1910 ( _fF. Moliner) |
||
| 300 |
_a133 p., de 1-10, de 1 á 12 p. de mús. ; _c20 cm. |
||
| 700 | 1 |
_aAroca, Jesús. _9158210 |
|
| 852 |
_aES-MaACL _jG-9821 |
||
| 999 |
_c74543 _d74543 |
||